000 01123nac a22003257a 4500
001 BR8500029
003 BR-BrBNA
005 20240105120223.0
008 230509b bl.|||m| |||| 00| 0 por d
040 _aBR-BrBNA
_bpor
_cBiblioteca Nacional de Agricultura
072 _aF00
090 _a1540 BR8500029
100 1 _aKato, M. do S.A.
100 1 _aKato, O.R.
110 1 _aUnidade de Execucao de Pesquisa de Ambito Estadual de Altamira, PA (Brasil)
_910343
245 1 _aComportamento de cultivares de mandioca em Altamira-Para [Manihot esculenta, Brasil]
246 1 _a[Behavior of cassava cultivars in Altamira-Para [Manihot esculenta, Brazil]]
260 3 _aAltamira, PA (Brasil):
_c1984.
300 _a3 p.
490 _aPesquisa em Andamento - Unidade de Execucao de Pesquisa de Ambito Estadual de Altamira (Brazil)
_vno. 9
_xISSN 0101-2665
650 _aMANDIOCA
650 _aVARIEDADE
650 _aPLANTIO
650 _aCOMPORTAMENTO DE VARIEDADE
650 _aRENDIMENTO
650 _aRAIZ
650 _aAMIDO
909 _a202312
_bLúcia Elande
_c55
_dLúcia Elande
942 _2AGRIS
_n0
_cMS
999 _c278402
_d278402